| 000 | 00677nam a22001817a 4500 | ||
|---|---|---|---|
| 005 | 20180712105247.0 | ||
| 010 | _aB-126688 | ||
| 020 |
_a8120325184 _c195.00 |
||
| 035 | _aB-126688,B-126682 | ||
| 037 | _bPrentice-Hall of India Private Limited | ||
| 082 | _a005.8 | ||
| 245 |
_aInformation Security: _bAn Overview _cNIIT |
||
| 260 |
_aNew Delhi _bPrentice-Hall of India Private Limited _c2004 |
||
| 270 |
_aM-97, Connaught Circus,New Delhi-110001 _bNew Delhi _e110001 |
||
| 300 |
_a239p. _c23cm(pb) |
||
| 942 |
_2ddc _cEN _h005.8 _mINF |
||
| 999 |
_c153006 _d153006 |
||